| 000 | 01676cam a2200337Mi 4500 | ||
|---|---|---|---|
| 001 | 81839 | ||
| 005 | 20230410130558.0 | ||
| 008 | 080331s2008 xx 000 0 eng d | ||
| 035 | _a(OCoLC)ocn229982718 | ||
| 040 |
_aGEBAY _erakwb _bger _cGEBAY |
||
| 015 | _aGBA797492 | ||
| 020 | _a9780813542188 | ||
| 020 | _a0813542189 | ||
| 020 | _a9780813542195 | ||
| 020 | _a0813542197 | ||
| 035 | _a(OCoLC)229982718 | ||
| 049 | _aGRAL | ||
| 050 | 1 | 4 |
_aPN 1993.5 _bA512a 2008 |
| 245 | 0 | 0 |
_aAmerican cinema of the 1960s : _bthemes and variations / _ced. by Barry Keith Grant. |
| 260 |
_aNew Brunswick, NJ : _bRutgers Univ. Press, _c2008. |
||
| 300 |
_axiv, 275 S. : _bIll. ; _c24 cm |
||
| 440 | 0 | _aScreen decades | |
| 500 | _aIntroduction: movies and the 1960s / Barry Keith Grant -- 1960: movies and intimations of disaster and hope / Christopher Sharrett -- 1961: movies and civil rights / Anna Everett -- 1962: movies and deterioration / Eric Schaefer -- 1963: movies and the little soldiers of the new frontier / Joe McElhaney -- 1964: movies, the Great Society, and the new sensibility / James Morrison -- 1965: movies and the color line / David Desser -- 1966: movies and camp / Harry M. Benshoff -- 1967: movies and the specter of rebellion / Murray Pomerance -- 1968: movies and the failure of nostalgia / Leslie H. Abramson -- 1969: movies and the counterculture / Christie Milliken | ||
| 505 | 0 | _aIncludes bibliographical references (p. 247-252) and index | |
| 650 | 0 |
_aMotion pictures _zUnited States _xHistory. |
|
| 650 | 4 |
_aPelĂculas _zEstados Unidos _xHistoria. |
|
| 700 | 1 | _aGrant, Barry Keith | |
| 942 |
_2lcc _cbk |
||
| 994 |
_aC0 _bDRFGD |
||
| 946 | _aCA | ||
| 999 |
_c76527 _d76527 |
||